000 00478nam a2200145 a 4500
001 000038894
005 20201002031417.0
008 130501s20uu dr 000 0 spa d
040 _aDO-SdBNP
_bspa
_cBNPHU
100 1 _aCruz, Juan Francisco de la.
_953764
245 1 3 _aLa ruta perdida /
_cJuan Francisco de la Cruz,.
260 _a[Santo Domingo] :
_bSusaeta,
_c[200?].
300 _a77 p. ;
_c21 cm.
_c[200?].
500 _aIncluye datos biográficos del autor en la contracubierta
999 _c38384
_d38384